| 000 | 00695cam a2200253 4500500 | ||
|---|---|---|---|
| 005 | 20260329005113.0 | ||
| 041 | _afre | ||
| 042 | _adc | ||
| 100 | 1 | 0 |
_aPépin, Charles _eauthor |
| 245 | 0 | 0 | _a“Savons-nous vraiment ce que peut le corps ?” |
| 260 | _c2022. | ||
| 500 | _a60 | ||
| 690 | _aBonheur | ||
| 690 | _aCharles Pépin | ||
| 690 | _aCorps | ||
| 690 | _aDualisme | ||
| 690 | _aEspoir | ||
| 690 | _aPassé | ||
| 690 | _aPrésent | ||
| 690 | _aSpinoza | ||
| 690 | _aTemps | ||
| 786 | 0 | _nPhilosophie magazine | 161 | 8 | 2022-07-01 | p. 3-3 | 1951-1787 | |
| 856 | 4 | 1 | _uhttps://shs.cairn.info/magazine-philosophie-magazine-2022-8-page-3?lang=fr&redirect-ssocas=7080 |
| 999 |
_c1840327 _d1840327 |
||